| 000 | 01000nam a2200325 a 4500 | ||
|---|---|---|---|
| 001 | 22733 | ||
| 003 | SK-KTurca | ||
| 005 | 20260421162805.0 | ||
| 008 | 250414s1979 xo 0 slo | ||
| 015 | _aSNBA1980 | ||
| 035 | _aSNK000049648 | ||
| 040 |
_aSNK _bslo _cSNK _eAACR2 |
||
| 041 | 0 | _axo | |
| 044 |
_axo _cSK |
||
| 080 |
_a885.4-1 _21981 |
||
| 100 | 1 |
_aPoničan, Ján _4aut |
|
| 245 | 1 | 0 |
_aDivný Janko _cJán Poničan ; Július Lenko, Katarína Schillerová, Ladislav Vančo |
| 250 | _a10. vyd. | ||
| 260 |
_aBratislava _bSlovenský spisovateľ _c1979 _eLiptovský Mikuláš _fTlačiarne SNP |
||
| 300 |
_a55 s., 1,46 AH _c16 cm |
||
| 366 | _e5000 výtl. | ||
| 490 | 0 |
_aKlenoty _vZv. 2. |
|
| 500 | _aIlustr. na front. | ||
| 700 | 1 |
_aLenko, Július, _d1914-2000 _4[ADC] |
|
| 700 | 1 |
_aKeményová, Katarína, _d1952- _4ill |
|
| 700 | 1 |
_aVančo, Ladislav, _d1949- _4bkd |
|
| 942 |
_2ddc _cKLDO _n0 |
||
| 999 |
_c22733 _d22733 |
||